[Event "NAYCC U12 w"]
[Site "Kingston CAN"]
[Date "2019.08.19"]
[Round "8.107"]
[White "Elangovan, Ramya"]
[Black "Tec, Isavelina"]
[Result "1/2-1/2"]
[WhiteElo "1432"]
[BlackElo "1163"]
[PlyCount "71"]
[EventDate "2019.08.16"]
[EventType "swiss"]
[EventRounds "9"]
[EventCountry "CAN"]

1. d4 d5 2. Nf3 Nf6 3. g3 Bf5 4. Bg2 e6 5. c4 c6 6. Nc3 dxc4 7. Ne5 Nbd7 8.
Nxc4 Be7 9. O-O O-O 10. Qb3 Qc8 11. Na5 Nb6 12. Na4 Nfd7 13. Bf4 Nxa4 14. Qxa4
Nb6 15. Qb3 Rd8 16. Rfd1 Bf6 17. Qb4 Qd7 18. Rd2 g5 19. Be3 Rab8 20. Nc4 Nd5
21. Bxd5 Qxd5 22. Qc5 Bh3 23. f3 Qxc5 24. dxc5 Rxd2 25. Bxd2 Bf5 26. e4 Bg6 27.
e5 Be7 28. Nd6 f6 29. f4 b6 30. Be3 gxf4 31. gxf4 fxe5 32. fxe5 Bf8 33. b3 Bg7
34. Bf4 Rf8 35. Bg3 Bh6 36. cxb6 1/2-1/2

[Event "NAYCC U12 w"]
[Site "Kingston CAN"]
[Date "2019.08.19"]
[Round "8.108"]
[White "Chen, Angela"]
[Black "Surya, Dania"]
[Result "1-0"]
[WhiteElo "1341"]
[BlackElo "1216"]
[PlyCount "85"]
[EventDate "2019.08.16"]
[EventType "swiss"]
[EventRounds "9"]
[EventCountry "CAN"]

1. e4 d5 2. exd5 Qxd5 3. Nc3 Qa5 4. h3 Nf6 5. Nf3 Bf5 6. Bc4 c6 7. O-O e6 8. d4
Qc7 9. Be3 Nbd7 10. Nh4 Bg6 11. Nxg6 hxg6 12. Ne2 Bd6 13. Qd2 O-O-O 14. c3 Nb6
15. Bb3 Rde8 16. Bf4 Bxf4 17. Qxf4 Qxf4 18. Nxf4 g5 19. Nd3 Nbd7 20. f4 gxf4
21. Rxf4 Rhf8 22. Raf1 Re7 23. h4 Nd5 24. R4f3 f6 25. g4 Ree8 26. Nf4 Nxf4 27.
Rxf4 e5 28. dxe5 fxe5 29. Rxf8 Rxf8 30. Be6 Rxf1+ 31. Kxf1 Kd8 32. Bxd7 Kxd7
33. Ke2 Ke6 34. Ke3 Kf6 35. Ke4 c5 36. Kd5 b6 37. b3 a6 38. c4 a5 39. a3 e4 40.
Kxe4 Ke6 41. h5 Kf6 42. Kf4 Ke6 43. g5 1-0

[Event "NAYCC U12 w"]
[Site "Kingston CAN"]
[Date "2019.08.19"]
[Round "8.109"]
[White "Jeyakumar, Mathusha"]
[Black "Zhang, Joyce"]
[Result "0-1"]
[WhiteElo "855"]
[BlackElo "1339"]
[PlyCount "60"]
[EventDate "2019.08.16"]
[EventType "swiss"]
[EventRounds "9"]
[EventCountry "CAN"]

1. e4 c5 2. Nf3 d6 3. d4 cxd4 4. Nxd4 Nf6 5. Nc3 a6 6. Bd3 g6 7. O-O Bg7 8. Be3
O-O 9. Qd2 Nc6 10. Nf3 b5 11. b4 Nxb4 12. h3 Nxd3 13. cxd3 Bb7 14. Bh6 Rc8 15.
Rac1 e6 16. Bxg7 Kxg7 17. Rfe1 Qe7 18. e5 dxe5 19. Nxe5 Nd5 20. Ng4 g5 21. Nxd5
Bxd5 22. Qb2+ f6 23. Rxc8 Rxc8 24. Re3 h5 25. Ne5 fxe5 26. Rxe5 Kg6 27. Qe2 Qf6
28. d4 Rc1+ 29. Kh2 Qf4+ 30. g3 Rh1# 0-1

[Event "NAYCC U12 w"]
[Site "Kingston CAN"]
[Date "2019.08.19"]
[Round "8.110"]
[White "Huang, Lulu"]
[Black "Geillon-Barral, Roween"]
[Result "1-0"]
[WhiteElo "1285"]
[BlackElo "874"]
[PlyCount "87"]
[EventDate "2019.08.16"]
[EventType "swiss"]
[EventRounds "9"]
[EventCountry "CAN"]

1. e4 e5 2. Nf3 Nc6 3. Bc4 Bc5 4. c3 d6 5. h3 Nf6 6. d3 O-O 7. Bg5 h6 8. Bh4
Be6 9. Nbd2 Qe7 10. O-O a6 11. a4 a5 12. Qe2 b6 13. Ne1 Kh8 14. Nc2 Rg8 15. Kh1
g5 16. Bg3 Rg7 17. Ne3 Rag8 18. Nf5 Bxf5 19. exf5 d5 20. Bb5 Nd4 21. cxd4 Bxd4
22. Nf3 Qb4 23. Nxd4 exd4 24. Be5 Qe7 25. Rfe1 c5 26. Qf3 Rd8 27. Qg3 Kh7 28.
Bc7 Qf8 29. Bxd8 Qxd8 30. Re2 Rg8 31. Rae1 Nh5 32. Qh2 Nf6 33. Re7 Kg7 34. Qe5
Rf8 35. Rd7 Qa8 36. Rd6 Qb8 37. Qxf6+ Kg8 38. Qxh6 Qxd6 39. Qxd6 f6 40. Qxd5+
Kg7 41. Re7+ Kh6 42. Qf3 Rg8 43. Qh5+ Kxh5 44. Rh7# 1-0

[Event "NAYCC U12 w"]
[Site "Kingston CAN"]
[Date "2019.08.19"]
[Round "8.111"]
[White "Xie, Amy"]
[Black "Liao, Jody"]
[Result "0-1"]
[WhiteElo "625"]
[BlackElo "991"]
[PlyCount "48"]
[EventDate "2019.08.16"]
[EventType "swiss"]
[EventRounds "9"]
[EventCountry "CAN"]

1. e4 e5 2. Nf3 Nc6 3. Bc4 Bc5 4. O-O Nf6 5. d3 d6 6. Be3 Bb6 7. Nc3 h6 8. Nd5
Nxd5 9. Bxd5 Bg4 10. Qe2 O-O 11. Qd2 Bxf3 12. Bxh6 Qf6 13. Bg5 Qg6 14. gxf3 Nd4
15. Qe3 Ne6 16. Qd2 Nxg5 17. Kh1 Nxf3 18. Qe2 Qh5 19. Qxf3 Qxf3+ 20. Kg1 c6 21.
Bb3 d5 22. Rad1 Rae8 23. Rfe1 Bxf2+ 24. Kf1 Be3# 0-1

[Event "NAYCC U12 w"]
[Site "Kingston CAN"]
[Date "2019.08.20"]
[Round "9.98"]
[White "Wang, Lilian"]
[Black "Lee, Yesun"]
[Result "1/2-1/2"]
[WhiteElo "1767"]
[BlackElo "1696"]
[PlyCount "68"]
[EventDate "2019.08.16"]
[EventType "swiss"]
[EventRounds "9"]
[EventCountry "CAN"]

1. e4 c5 2. Nf3 Nc6 3. d4 cxd4 4. Nxd4 e5 5. Nb5 a6 6. Nd6+ Bxd6 7. Qxd6 Qf6 8.
Qxf6 Nxf6 9. Nc3 Nb4 10. Bd3 Nxd3+ 11. cxd3 h6 12. h3 b5 13. Be3 d6 14. Rc1 Bb7
15. f4 O-O 16. O-O Rac8 17. a3 Kh7 18. Ne2 Rxc1 19. Rxc1 Rc8 20. Rxc8 Bxc8 21.
Bb6 exf4 22. Nxf4 g5 23. Ne2 Kg6 24. Nc3 Bb7 25. Kf2 d5 26. exd5 Nxd5 27. Nxd5
Bxd5 28. g3 Be6 29. h4 gxh4 30. gxh4 Kf5 31. Kf3 Bd5+ 32. Kg3 h5 33. Bd4 Bb3
34. Kf3 Bd5+ 1/2-1/2

[Event "NAYCC U12 w"]
[Site "Kingston CAN"]
[Date "2019.08.20"]
[Round "9.99"]
[White "Hua, Michelle"]
[Black "Morden, Simone"]
[Result "1/2-1/2"]
[WhiteElo "1666"]
[BlackElo "1415"]
[PlyCount "54"]
[EventDate "2019.08.16"]
[EventType "swiss"]
[EventRounds "9"]
[EventCountry "CAN"]

1. c4 e5 2. g3 Nf6 3. Bg2 Nc6 4. Nc3 Bc5 5. d3 d6 6. Nf3 Bd7 7. O-O O-O 8. Bg5
h6 9. Bxf6 Qxf6 10. Ne4 Qe7 11. Nxc5 dxc5 12. Qc2 Bg4 13. Qd2 Rfd8 14. Qe3 Bxf3
15. Bxf3 Nd4 16. Rac1 c6 17. Rfe1 Rab8 18. b3 f5 19. Bg2 Rd7 20. Bh3 Rf8 21. f3
Rc7 22. Qf2 e4 23. dxe4 fxe4 24. f4 Qf6 25. Bg2 Re7 26. e3 Nf5 27. Qc2 Nd6
1/2-1/2

[Event "NAYCC U12 w"]
[Site "Kingston CAN"]
[Date "2019.08.20"]
[Round "9.100"]
[White "Vidyarthi, Omya"]
[Black "Rajaram, Anika"]
[Result "1-0"]
[WhiteElo "1905"]
[BlackElo "1560"]
[PlyCount "95"]
[EventDate "2019.08.16"]
[EventType "swiss"]
[EventRounds "9"]
[EventCountry "CAN"]

1. d4 d5 2. c4 e6 3. Nc3 Be7 4. cxd5 exd5 5. Qc2 c6 6. Bf4 Bd6 7. Bg3 Bg4 8. e3
Bh5 9. Qb3 b6 10. Nge2 Ne7 11. Nf4 Bg6 12. Nxg6 hxg6 13. Bxd6 Qxd6 14. h3 Nf5
15. O-O-O Nd7 16. Kb1 a5 17. Bd3 b5 18. Qc2 Ne7 19. Rhe1 Rb8 20. e4 b4 21. e5
Qe6 22. Ne2 c5 23. Nf4 b3 24. axb3 Qc6 25. e6 Nf8 26. exf7+ Kxf7 27. dxc5 g5
28. Nxd5 Nxd5 29. Bc4 Rd8 30. Qf5+ Qf6 31. Bxd5+ Rxd5 32. Qxf6+ gxf6 33. Rxd5
Kg6 34. Re8 Kf7 35. Rdd8 g4 36. c6 gxh3 37. gxh3 Rg8 38. Rxf8+ Rxf8 39. Rxf8+
Kxf8 40. c7 Ke7 41. c8=Q f5 42. Qc6 Kf7 43. Qd6 Kg7 44. h4 Kh7 45. h5 Kg7 46.
Qg6+ Kh8 47. h6 f4 48. Qg7# 1-0

[Event "NAYCC U12 w"]
[Site "Kingston CAN"]
[Date "2019.08.20"]
[Round "9.101"]
[White "Wang, Rachel"]
[Black "Wen, Kally"]
[Result "1/2-1/2"]
[WhiteElo "1344"]
[BlackElo "1339"]
[PlyCount "71"]
[EventDate "2019.08.16"]
[EventType "swiss"]
[EventRounds "9"]
[EventCountry "CAN"]

1. d4 Nf6 2. c4 e6 3. Nf3 d5 4. Nc3 Be7 5. Bg5 O-O 6. e3 c6 7. Rc1 b6 8. cxd5
cxd5 9. Bd3 h6 10. Bh4 Nbd7 11. O-O Bb7 12. Nb5 a6 13. Nc7 Ra7 14. Qa4 Bc8 15.
Nb5 Ra8 16. Bg3 Bb7 17. Nd6 Bxd6 18. Bxd6 Re8 19. Rc7 b5 20. Qa3 Rb8 21. Rfc1
Rc8 22. Rxc8 Bxc8 23. Bc7 Qe7 24. Qxe7 Rxe7 25. Bd8 Re8 26. Rxc8 Ne4 27. a4 Nb6
28. Rc6 Nxa4 29. b3 Nb2 30. Bxe4 dxe4 31. Nd2 Rxd8 32. Nxe4 e5 33. Rc2 Nd3 34.
Rd2 Nb4 35. dxe5 Rxd2 36. Nxd2 1/2-1/2

[Event "NAYCC U12 w"]
[Site "Kingston CAN"]
[Date "2019.08.20"]
[Round "9.102"]
[White "Ruchinskaya, Valerie"]
[Black "Gomez Camara, Sofia"]
[Result "1-0"]
[WhiteElo "1412"]
[BlackElo "1243"]
[PlyCount "77"]
[EventDate "2019.08.16"]
[EventType "swiss"]
[EventRounds "9"]
[EventCountry "CAN"]

1. d4 d5 2. c4 dxc4 3. Nf3 Nf6 4. e3 e6 5. Bxc4 c5 6. O-O a6 7. a4 Nc6 8. Nc3
Be7 9. b3 O-O 10. Bb2 b6 11. Ne2 Na5 12. Bd3 Bb7 13. Ne1 Qd5 14. Bc2 Ne4 15.
Nf4 Qc6 16. Nf3 Ng5 17. Ne5 Qc7 18. f3 h6 19. Qd3 Rfd8 20. h4 Ne4 21. fxe4 Rac8
22. Nxf7 cxd4 23. Rac1 dxe3 24. Nxd8 Rxd8 25. Nxe6 Rxd3 26. Nxc7 Rd7 27. Ne6
Bxh4 28. Rf8+ Kh7 29. e5+ g6 30. Rcf1 e2 31. R1f7+ Rxf7 32. Rxf7+ Kg8 33. Rg7+
Kh8 34. Bc3 e1=Q+ 35. Bxe1 Bxe1 36. Bxg6 Bc3 37. Bf7 Bxe5 38. Rg8+ Kh7 39. Nf8#
1-0

[Event "NAYCC U12 w"]
[Site "Kingston CAN"]
[Date "2019.08.20"]
[Round "9.103"]
[White "Zhong, April Yunwei"]
[Black "Zhou, Celina"]
[Result "0-1"]
[WhiteElo "1340"]
[BlackElo "1446"]
[PlyCount "128"]
[EventDate "2019.08.16"]
[EventType "swiss"]
[EventRounds "9"]
[EventCountry "CAN"]

1. d4 d5 2. Bf4 Nf6 3. e3 e6 4. c3 Nbd7 5. Nd2 Be7 6. Ngf3 c5 7. Bd3 O-O 8. Ne5
c4 9. Bc2 Nxe5 10. dxe5 Nd7 11. h4 f6 12. Qh5 f5 13. Qf3 b5 14. g4 Bb7 15. gxf5
exf5 16. Qg2 Kh8 17. Rg1 g6 18. Nf3 Qe8 19. Nd4 Rg8 20. Nxb5 Qc8 21. Nd4 Nf8
22. Bxf5 Qe8 23. Nf3 Bd8 24. Bc2 Ne6 25. Bg5 Nxg5 26. Nxg5 Rb8 27. Qg3 Bc7 28.
f4 Bc8 29. Rb1 Ba5 30. Ke2 Bb6 31. Qh2 h5 32. Nf3 Bg4 33. Rg3 Qc6 34. Kf2 Rbf8
35. Nd4 Qc5 36. Ke1 Qa5 37. a3 Bxd4 38. exd4 Rxf4 39. Rg1 Rxd4 40. Qf2 Re4+ 41.
Bxe4 dxe4 42. Qf4 Rg7 43. Qf8+ Kh7 44. Qf6 Qc5 45. Rg3 Bf3 46. Qf4 Qd5 47. Qe3
Qd8 48. Rg5 Qd7 49. Qd4 Qh3 50. Qf2 Qd7 51. Qf1 Qd5 52. Qf2 Qd3 53. Rc1 Rd7 54.
Qc2 Qe3+ 55. Kf1 Rd2 56. Qxd2 Qxd2 57. Re1 Qf4 58. Kf2 Qxh4+ 59. Rg3 Qh2+ 60.
Ke3 Qxg3 61. Rb1 Bg4+ 62. Kd2 e3+ 63. Kc1 Qe1+ 64. Kc2 Bf5# 0-1

[Event "NAYCC U12 w"]
[Site "Kingston CAN"]
[Date "2019.08.20"]
[Round "9.104"]
[White "Yang, Adelynne"]
[Black "Chen, Angela"]
[Result "1/2-1/2"]
[WhiteElo "1133"]
[BlackElo "1341"]
[PlyCount "106"]
[EventDate "2019.08.16"]
[EventType "swiss"]
[EventRounds "9"]
[EventCountry "CAN"]

1. e4 e5 2. Nf3 Nc6 3. Bb5 a6 4. Ba4 Nf6 5. d3 b5 6. Bb3 h6 7. c3 d6 8. h3 Be6
9. Bc2 d5 10. exd5 Bxd5 11. O-O Bd6 12. d4 O-O 13. Re1 exd4 14. Nxd4 Ne7 15.
Be3 c5 16. Ne2 Qd7 17. Nd2 Nf5 18. Bf4 Be7 19. Nf3 Rad8 20. Qd2 Nh5 21. Bh2 Nh4
22. Nxh4 Bxh4 23. Qd3 g6 24. Nf4 Nxf4 25. Bxf4 Kh7 26. Qe2 Kg7 27. Be5+ f6 28.
Qd3 Bf7 29. Qxd7 Rxd7 30. Bf4 f5 31. Rad1 Rfd8 32. a3 Rxd1 33. Rxd1 Rxd1+ 34.
Bxd1 c4 35. Bf3 Be7 36. Bd2 Be8 37. Be3 a5 38. Bd5 Bf7 39. Bxh6+ Kxh6 40. Bxf7
g5 41. Kf1 Kg7 42. Be8 b4 43. Bb5 bxa3 44. bxa3 Bxa3 45. Bxc4 Bb2 46. Bd3 Kf6
47. c4 Bd4 48. Bc2 f4 49. g3 fxg3 50. fxg3 Ke6 51. Ke2 Kd6 52. Kd3 Kc5 53. Bb3
Bf6 1/2-1/2

[Event "NAYCC U12 w"]
[Site "Kingston CAN"]
[Date "2019.08.20"]
[Round "9.105"]
[White "Zhang, Joyce"]
[Black "Huang, Lulu"]
[Result "1/2-1/2"]
[WhiteElo "1339"]
[BlackElo "1285"]
[PlyCount "100"]
[EventDate "2019.08.16"]
[EventType "swiss"]
[EventRounds "9"]
[EventCountry "CAN"]

1. e4 e5 2. Nf3 Nc6 3. Bb5 a6 4. Ba4 Bc5 5. d3 Nf6 6. O-O b5 7. Bb3 O-O 8. Bg5
h6 9. Bh4 Bb7 10. Nc3 Be7 11. Re1 d6 12. a3 Re8 13. Bxf6 Bxf6 14. Nd5 Na5 15.
Ba2 Bc8 16. b4 Nb7 17. h3 Be6 18. Qd2 c6 19. Nxf6+ Qxf6 20. Bxe6 Qxe6 21. d4 a5
22. c3 Qc4 23. Re3 f6 24. Qa2 Qxa2 25. Rxa2 a4 26. dxe5 dxe5 27. Rd2 Rad8 28.
Red3 Rxd3 29. Rxd3 Rd8 30. Rxd8+ Nxd8 31. Nh4 Kf7 32. Nf5 Nb7 33. f3 h5 34. Kf2
g6 35. Ne3 Nd6 36. g4 Nc4 37. Nxc4 bxc4 38. gxh5 gxh5 39. Kg3 Kg6 40. f4 Kg7
41. f5 h4+ 42. Kxh4 Kh6 43. Kg4 Kh7 44. h4 Kh6 45. h5 Kg7 46. Kh4 Kh6 47. Kg4
Kg7 48. Kh4 Kh6 49. Kg4 Kh7 50. Kh4 Kg7 1/2-1/2

[Event "NAYCC U12 w"]
[Site "Kingston CAN"]
[Date "2019.08.20"]
[Round "9.106"]
[White "Tec, Isavelina"]
[Black "Wang, Felicity"]
[Result "1-0"]
[WhiteElo "1163"]
[BlackElo "1490"]
[PlyCount "105"]
[EventDate "2019.08.16"]
[EventType "swiss"]
[EventRounds "9"]
[EventCountry "CAN"]

1. e4 e5 2. Nf3 Nc6 3. d4 exd4 4. Nxd4 Bc5 5. Nxc6 Qf6 6. Qd2 Qxc6 7. Bd3 Nf6
8. O-O O-O 9. e5 Ng4 10. Qg5 d6 11. exd6 Qxd6 12. Bf4 Nxf2 13. Bxd6 Nh3+ 14.
Kh1 Nxg5 15. Bxc5 Re8 16. Nc3 Bd7 17. Rfe1 b6 18. Rxe8+ Rxe8 19. Bf2 Kf8 20.
Re1 Rc8 21. Kg1 Bc6 22. h4 Ne6 23. Bb5 Bxb5 24. Nxb5 a6 25. Nd4 Nxd4 26. Bxd4
c5 27. Bc3 b5 28. Kf2 f6 29. Re6 Ra8 30. Rc6 c4 31. Rc7 Re8 32. Bb4+ Kg8 33.
Re7 Rc8 34. Ke3 Rd8 35. Ra7 Re8+ 36. Kd2 Re6 37. Bc5 Re5 38. Bf2 Rd5+ 39. Kc3
Rd6 40. Bg3 Re6 41. Bf4 Re4 42. g3 Re6 43. b3 cxb3 44. cxb3 Rc6+ 45. Kb4 Kf8
46. Ka5 Rc2 47. Rxa6 Rxa2+ 48. Kxb5 Rb2 49. b4 Rb3 50. Kc4 Rf3 51. b5 g5 52.
hxg5 fxg5 53. b6 1-0

[Event "NAYCC U12 w"]
[Site "Kingston CAN"]
[Date "2019.08.20"]
[Round "9.107"]
[White "Li, Annie"]
[Black "Elangovan, Ramya"]
[Result "0-1"]
[WhiteElo "1285"]
[BlackElo "1432"]
[PlyCount "78"]
[EventDate "2019.08.16"]
[EventType "swiss"]
[EventRounds "9"]
[EventCountry "CAN"]

1. e4 c5 2. Nf3 e6 3. d4 cxd4 4. Nxd4 Nc6 5. Nc3 a6 6. Be3 Qc7 7. Be2 Nf6 8. f3
Be7 9. Qd2 b5 10. O-O-O Bb7 11. g4 b4 12. Nb1 Nxd4 13. Bxd4 e5 14. Be3 Rc8 15.
c3 bxc3 16. bxc3 Bb4 17. Kc2 Nxe4 18. fxe4 Bxe4+ 19. Bd3 Bxh1 20. Rxh1 Qa5 21.
Kb3 Be7 22. a3 Qd5+ 23. c4 Qxh1 24. Bf5 Qb7+ 25. Kc3 Qc7 26. Qd5 Qd6 27. Qe4 g6
28. Qb7 Qc6 29. Qxc6 Rxc6 30. Be4 Rc8 31. Bh6 Bf8 32. Bg5 Bg7 33. Nd2 h5 34. h3
hxg4 35. hxg4 Rh3+ 36. Nf3 f5 37. gxf5 gxf5 38. Bd5 e4+ 39. Kd2 exf3 0-1

[Event "NAYCC U12 w"]
[Site "Kingston CAN"]
[Date "2019.08.20"]
[Round "9.108"]
[White "Liao, Jody"]
[Black "Chen, Helen"]
[Result "0-1"]
[WhiteElo "991"]
[BlackElo "1447"]
[PlyCount "88"]
[EventDate "2019.08.16"]
[EventType "swiss"]
[EventRounds "9"]
[EventCountry "CAN"]

1. e4 c5 2. Nf3 Nc6 3. d4 cxd4 4. Nxd4 e5 5. Nf3 Nf6 6. Nc3 Bb4 7. Bd3 d5 8.
Qe2 d4 9. Bd2 dxc3 10. bxc3 Bc5 11. O-O O-O 12. Bb5 Bd7 13. Bxc6 Bxc6 14. Nxe5
Bxe4 15. Bg5 Bg6 16. Nxg6 fxg6 17. Qc4+ Qd5 18. Qxd5+ Nxd5 19. c4 Nf6 20. Rab1
b6 21. h3 Ne4 22. Be3 Rfc8 23. Bxc5 Rxc5 24. f3 Nd2 25. Rfd1 Nxb1 26. Rxb1 Rxc4
27. Rb2 Rac8 28. a3 Rxc2 29. Rb3 R2c3 30. Rxc3 Rxc3 31. a4 Ra3 32. Kf2 Rxa4 33.
Ke3 Kf7 34. g4 Ke6 35. f4 Kd5 36. f5 gxf5 37. gxf5 Ke5 38. Kd3 b5 39. Kc3 a5
40. Kb3 Kd4 41. Kb2 Kd3 42. Kb3 Rb4+ 43. Ka3 Kc2 44. Ka2 Ra4# 0-1

[Event "NAYCC U12 w"]
[Site "Kingston CAN"]
[Date "2019.08.20"]
[Round "9.109"]
[White "Jeyakumar, Mathusha"]
[Black "Jin, Christina"]
[Result "0-1"]
[WhiteElo "855"]
[BlackElo "1503"]
[PlyCount "114"]
[EventDate "2019.08.16"]
[EventType "swiss"]
[EventRounds "9"]
[EventCountry "CAN"]

1. e4 c5 2. Nf3 d6 3. d4 cxd4 4. Nxd4 Nf6 5. Nc3 a6 6. Be3 e5 7. Nf3 Be6 8. Bd3
Be7 9. O-O O-O 10. Qd2 Nc6 11. h3 Qc7 12. Rad1 Rad8 13. Bg5 h6 14. Bxf6 Bxf6
15. Nd5 Bxd5 16. exd5 Ne7 17. Qe3 Qc5 18. Qe4 g6 19. c4 Nf5 20. Kh2 Rde8 21.
Ng1 Qd4 22. Qxd4 Nxd4 23. Nf3 Nxf3+ 24. gxf3 Bd8 25. Rg1 Bb6 26. Bxg6 fxg6 27.
Rxg6+ Kf7 28. Rxd6 Bxf2 29. Rxh6 Rh8 30. Rxh8 Rxh8 31. b3 Bd4 32. Re1 Rh4 33.
Re4 Rxe4 34. fxe4 Bc5 35. Kg3 Kf6 36. h4 Be7 37. h5 Kg5 38. h6 Kxh6 39. Kg4 Kg6
40. a4 a5 41. Kf3 Kh5 42. Kg3 Kg5 43. Kf3 Kh4 44. Ke3 Kg3 45. Kd3 Kf3 46. Kc3
Kxe4 47. Kd2 Kf3 48. Ke1 Ke3 49. Kd1 Kf2 50. Kd2 e4 51. Kd1 e3 52. Kc2 e2 53.
Kd3 e1=Q 54. Kc2 Qe3 55. Kd1 Qe2+ 56. Kc1 Ba3+ 57. Kb1 Qb2# 0-1

[Event "NAYCC U12 w"]
[Site "Kingston CAN"]
[Date "2019.08.20"]
[Round "9.110"]
[White "Geillon-Barral, Roween"]
[Black "Liu, Lily"]
[Result "1-0"]
[WhiteElo "874"]
[BlackElo "919"]
[PlyCount "159"]
[EventDate "2019.08.16"]
[EventType "swiss"]
[EventRounds "9"]
[EventCountry "CAN"]

1. e4 e5 2. Nf3 Nc6 3. Bc4 Bc5 4. Nc3 Nf6 5. O-O d6 6. h3 Be6 7. Bxe6 fxe6 8.
d3 d5 9. Bg5 Qd7 10. Bxf6 gxf6 11. Ne2 O-O-O 12. Ng3 Rhg8 13. Qe2 Rxg3 14. Kh1
Rgg8 15. c3 dxe4 16. dxe4 Qg7 17. Ne1 Qh6 18. Qf3 Rg6 19. b4 Bb6 20. Rd1 Rdg8
21. Rd3 Rg4 22. a4 a5 23. bxa5 Bxa5 24. Rg1 Rf4 25. Qe2 f5 26. exf5 exf5 27. c4
Qg6 28. Rg3 Qf7 29. Rxg8+ Qxg8 30. Nd3 Rxc4 31. Qf3 Nd4 32. Qe3 Rxa4 33. Qxe5
Qe6 34. Qh8+ Kd7 35. Nc5+ Kd6 36. Nxe6 Kxe6 37. Qe8+ Kd5 38. Qxa4 b6 39. Qd7+
Ke5 40. Qxc7+ Kd5 41. Qxh7 b5 42. Qh8 b4 43. Qa8+ Kd6 44. Qxa5 b3 45. Rb1 Ke6
46. Qb6+ Ke5 47. Kg1 f4 48. f3 Kd5 49. Qc7 Ke6 50. Qxf4 Ne2+ 51. Kf2 Nxf4 52.
Rxb3 Kf6 53. g4 Nxh3+ 54. Kg3 Ng5 55. Rb5 Nh7 56. f4 Nf8 57. g5+ Kg6 58. Kg4
Nd7 59. Rd5 Nf8 60. Rd6+ Kg7 61. f5 Kg8 62. Kh5 Kg7 63. f6+ Kh7 64. Ra6 Kg8 65.
Kh6 Kf7 66. Ra7+ Kg8 67. g6 Ne6 68. f7+ Kf8 69. Ra8+ Ke7 70. g7 Kxf7 71. g8=Q+
Kf6 72. Ra6 Ke5 73. Qxe6+ Kd4 74. Qf5 Kc3 75. Ra4 Kb3 76. Rh4 Kc3 77. Qf3+ Kd2
78. Rh2+ Ke1 79. Qa3 Kd1 80. Qa1# 1-0

[Event "NAYCC U12 w"]
[Site "Kingston CAN"]
[Date "2019.08.20"]
[Round "9.111"]
[White "Surya, Dania"]
[Black "Xie, Amy"]
[Result "1-0"]
[WhiteElo "1216"]
[BlackElo "625"]
[PlyCount "63"]
[EventDate "2019.08.16"]
[EventType "swiss"]
[EventRounds "9"]
[EventCountry "CAN"]

1. e4 e5 2. Nf3 Nc6 3. Bc4 Bc5 4. c3 Nf6 5. d3 Nd4 6. cxd4 exd4 7. O-O d6 8. h3
O-O 9. Bg5 Bd7 10. Nbd2 Rb8 11. Nb3 Ba4 12. Qd2 b5 13. Nxc5 dxc5 14. e5 Rb6 15.
exf6 Rxf6 16. Bxf6 Qxf6 17. Bb3 Re8 18. Bxa4 bxa4 19. Rfe1 Rf8 20. Qa5 Qc6 21.
Rac1 Qd7 22. Qxc5 Rc8 23. Qxa7 h6 24. Qxd4 Qb5 25. Re5 Qa6 26. Qd7 Rf8 27. Re8
Rxe8 28. Qxe8+ Kh7 29. Qe4+ Kg8 30. Rxc7 g6 31. Qe8+ Kg7 32. Rxf7# 1-0

[Event "NAYCC U14"]
[Site "Kingston CAN"]
[Date "2019.08.16"]
[Round "1.128"]
[White "Astudillo Cuevas, Alonso"]
[Black "Windram, James"]
[Result "0-1"]
[WhiteElo "1975"]
[BlackElo "2064"]
[PlyCount "70"]
[EventDate "2019.08.16"]
[EventType "swiss"]
[EventRounds "9"]
[EventCountry "CAN"]

1. e4 c5 2. Nc3 Nc6 3. f4 g6 4. Nf3 Bg7 5. Bb5 Nd4 6. O-O Nxb5 7. Nxb5 a6 8.
Nc3 e6 9. d3 Ne7 10. Qe1 d6 11. Kh1 O-O 12. f5 exf5 13. Qh4 Nc6 14. Bg5 f6 15.
Bh6 Ne5 16. Nd5 fxe4 17. Nxe5 dxe5 18. dxe4 Be6 19. Rad1 Bxd5 20. exd5 Qd6 21.
Rf3 Bxh6 22. Qxh6 Rf7 23. c4 b5 24. Qh4 Rb8 25. Rb3 Rfb7 26. Rd2 Rb6 27. Rh3
R8b7 28. Rb3 bxc4 29. Rxb6 Rxb6 30. Qxc4 Rb4 31. Qe2 Kg7 32. g3 f5 33. a3 Re4
34. Qd3 Rd4 35. Qc3 Qxd5+ 0-1

[Event "NAYCC U14"]
[Site "Kingston CAN"]
[Date "2019.08.16"]
[Round "1.129"]
[White "Zhang, Samuel"]
[Black "Trey, Justin"]
[Result "1-0"]
[WhiteElo "2048"]
[BlackElo "1419"]
[PlyCount "37"]
[EventDate "2019.08.16"]
[EventType "swiss"]
[EventRounds "9"]
[EventCountry "CAN"]

1. e4 e6 2. d4 d5 3. Nd2 dxe4 4. Nxe4 Nd7 5. Nf3 Ngf6 6. Bd3 Nxe4 7. Bxe4 Nf6
8. Bg5 Be7 9. Bxf6 gxf6 10. O-O f5 11. Bd3 b6 12. Ne5 Bd6 13. Bb5+ Kf8 14. Qh5
Bxe5 15. dxe5 Qd5 16. Qh6+ Ke7 17. Qf6+ Kf8 18. Qxh8+ Ke7 19. Qe8# 1-0

[Event "NAYCC U14"]
[Site "Kingston CAN"]
[Date "2019.08.16"]
[Round "1.130"]
[White "Ning, Oswin"]
[Black "Lu, Jason"]
[Result "0-1"]
[WhiteElo "1805"]
[BlackElo "2161"]
[PlyCount "40"]
[EventDate "2019.08.16"]
[EventType "swiss"]
[EventRounds "9"]
[EventCountry "CAN"]

1. e4 c5 2. Nf3 d6 3. d4 cxd4 4. Nxd4 Nf6 5. f3 e5 6. Nb3 d5 7. Bg5 Be6 8. Nc3
Bb4 9. a3 Bxc3+ 10. bxc3 O-O 11. Bd3 dxe4 12. Bxe4 Qb6 13. Bxf6 gxf6 14. Qd3
Rd8 15. Bxh7+ Kg7 16. Qe4 Bd5 17. Qh4 Qe3+ 18. Kf1 Rh8 19. Qg4+ Kxh7 20. Qd7
Nxd7 0-1

[Event "NAYCC U14"]
[Site "Kingston CAN"]
[Date "2019.08.16"]
[Round "1.131"]
[White "Zhou, Skyler"]
[Black "Li, Weijie"]
[Result "0-1"]
[WhiteElo "1851"]
[BlackElo "2022"]
[PlyCount "76"]
[EventDate "2019.08.16"]
[EventType "swiss"]
[EventRounds "9"]
[EventCountry "CAN"]

1. d4 Nf6 2. c4 g6 3. Nc3 Bg7 4. e4 d6 5. Nf3 O-O 6. Be2 e5 7. d5 Na6 8. O-O
Nc5 9. Qc2 a5 10. Be3 Ne8 11. Ne1 f5 12. f3 f4 13. Bf2 g5 14. Nd3 b6 15. a3 Nf6
16. b4 Nxd3 17. Qxd3 g4 18. Qd1 g3 19. hxg3 fxg3 20. Bxg3 Nh5 21. Bh2 Qg5 22.
Qc1 Nf4 23. Bxf4 exf4 24. Rd1 Rf6 25. b5 Rg6 26. Bf1 Bh3 27. Ra2 h5 28. Kh1 Kh7
29. Rd3 Rg8 30. Qe1 h4 31. Qf2 Bc8 32. Ne2 Be5 33. Ng1 h3 34. Rdd2 hxg2+ 35.
Bxg2 Rh6+ 36. Bh3 Bxh3 37. Nxh3 Rxh3+ 38. Qh2 Qg1# 0-1

[Event "NAYCC U14"]
[Site "Kingston CAN"]
[Date "2019.08.16"]
[Round "1.132"]
[White "Ouellette, Alex"]
[Black "England, Max"]
[Result "0-1"]
[WhiteElo "1393"]
[BlackElo "1998"]
[PlyCount "84"]
[EventDate "2019.08.16"]
[EventType "swiss"]
[EventRounds "9"]
[EventCountry "CAN"]

1. e4 e5 2. Nf3 Nc6 3. d4 exd4 4. Nxd4 Nf6 5. Bg5 h6 6. Nxc6 bxc6 7. Bh4 Be7 8.
Bxf6 Bxf6 9. c3 O-O 10. Be2 Re8 11. Qc2 d5 12. exd5 Ba6 13. c4 cxd5 14. O-O
Rxe2 15. Qxe2 Bxc4 16. Qd2 Bxf1 17. Kxf1 Qd6 18. g3 d4 19. Qd3 Qc6 20. Kg1 Qc1+
21. Kg2 Qxb2 22. Qe4 Rd8 23. Nc3 Qxa1 24. Nd5 d3 25. Qxd3 c6 26. Nxf6+ Qxf6 27.
Qa6 Rd2 28. Qxa7 Qd4 29. Qb8+ Kh7 30. Qb1+ g6 31. Qe1 Rxa2 32. h4 Qd2 33. Qf1
Qe2 34. Qg1 Qe4+ 35. Kh2 Qf3 36. h5 Rxf2+ 37. Qxf2 Qxf2+ 38. Kh1 gxh5 39. g4 h4
40. g5 h3 41. g6+ Kg7 42. gxf7 Qg2# 0-1

[Event "NAYCC U14"]
[Site "Kingston CAN"]
[Date "2019.08.16"]
[Round "1.133"]
[White "Wu, Lucian"]
[Black "De Costa, Benjamin"]
[Result "1/2-1/2"]
[WhiteElo "1832"]
[BlackElo "1332"]
[PlyCount "80"]
[EventDate "2019.08.16"]
[EventType "swiss"]
[EventRounds "9"]
[EventCountry "CAN"]

1. d4 Nf6 2. c4 e5 3. dxe5 Ng4 4. Nf3 Bc5 5. e3 Nc6 6. Be2 Ngxe5 7. O-O O-O 8.
Nc3 d6 9. b3 Nxf3+ 10. Bxf3 Ne5 11. Bb2 c6 12. Ne4 Nxf3+ 13. Qxf3 f5 14. Nxc5
dxc5 15. Qg3 Qe7 16. h4 Be6 17. h5 h6 18. Rfd1 Rad8 19. Be5 Rxd1+ 20. Rxd1 Qg5
21. Qf3 Bf7 22. Rd7 Rd8 23. Rxd8+ Qxd8 24. Qxf5 Qd1+ 25. Kh2 Qxh5+ 26. Qxh5
Bxh5 27. Bd6 Bg6 28. Bxc5 Bb1 29. a3 b6 30. Bd6 Ba2 31. Bb8 a6 32. Ba7 Bxb3 33.
Bxb6 Bxc4 34. Kg3 Kf7 35. Kf4 Ke6 36. Bc5 g6 37. g3 Bd3 38. e4 Bc2 39. f3 g5+
40. Kg4 Bd1 1/2-1/2